Diálogo entre editores científicos iberoamericanos : textos presentados en el primer encuentro iberoamericano de editores científicos /

Guardado en:
Otros Autores: Calleja, Beatriz, ed., Albornoz, Martín, ed.
Formato: Libro
Publicado: Buenos Aires : Caicyt, 2006
Materias:
Etiquetas: Agregar Etiqueta
Sin Etiquetas, Sea el primero en etiquetar este registro!
LEADER 00787nam a22002055a 4500
001 EHU.bham045152
003 AR-BHAM
005 20180418132317.0
008 130507s2006##################000#0#####d
020 |a 9872331308 
082 0 7 |a 070.1 
245 0 0 |a Diálogo entre editores científicos iberoamericanos :  |b textos presentados en el primer encuentro iberoamericano de editores científicos /  |c Ed. Por Beatriz Calleja, Martín Albornoz 
260 |a Buenos Aires :  |b Caicyt,  |c 2006 
300 |a 150 p. 
653 |a Información y documentación-tecnologías de la 
653 |a Editoriales científicas 
653 |a Publicaciones científicas argentinas 
700 1 |a Calleja, Beatriz, ed. 
700 1 |a Albornoz, Martín, ed. 
859 |a AR-BHAM  |b BIB. HUMANIDADES - General  |h 070.1  |i D541  |p 68.18  |t Ej.1